En tinieblas / (Record no. 86819)

MARC details
000 -LEADER
campo de control de longitud fija 00599nam a2200181 i 4500
001 - NÚMERO DE CONTROL
campo de control 86819
003 - IDENTIFICADOR DE NÚMERO DE CONTROL
campo de control ES-MaACL
005 - FECHA Y HORA DE LA ÚLTIMA TRANSACCIÓN
campo de control 20250208063126.0
007 - CAMPO FIJO DE DESCRIPCIÓN FÍSICA--INFORMACIÓN GENERAL
campo de control de longitud fija t|
008 - DATOS DE LONGITUD FIJA--INFORMACIÓN GENERAL
campo de control de longitud fija 041215q1943 sp ||||1| spa d
100 1# - ENTRADA PRINCIPAL--NOMBRE DE PERSONA
Nombre de persona Kipling, Rudyard,
Fechas asociadas al nombre 1865-1936
9 (RLIN) 68087
245 10 - MENCIÓN DEL TÍTULO
Título En tinieblas /
Mención de responsabilidad, etc. por Rudyard Kipling ; versión castellana, La Nave ; dibujo de la sobrecubierta de Paco Ribera.
260 ## - PUBLICACIÓN, DISTRIBUCIÓN, ETC.
Lugar de publicación, distribución, etc. Madrid :
Nombre del editor, distribuidor, etc. La Nave,
Fecha de publicación, distribución, etc. [1943?] (
Fabricante Aldus)
300 ## - DESCRIPCIÓN FÍSICA
Extensión 380 p. :
Otras características físicas retr. ;
Dimensiones 16 cm.
700 1# - ENTRADA AGREGADA--NOMBRE PERSONAL
Nombre de persona Ribera, Paco.
9 (RLIN) 96782
852 ## - LOCALIZACIÓN
Ubicación ES-MaACL
Número de control de estantería F-15802
Sublocalización o colección R.20482
Holdings
Estatus retirado Estado de pérdida Estado de daño No para préstamo Biblioteca de origen Biblioteca actual Ubicación en estantería Fecha de adquisición Fuente de adquisición Total de préstamos Signatura topográfica completa Código de barras Visto por última vez Precio de reemplazo Tipo de ítem Koha
        Biblioteca del Ateneo de Madrid Biblioteca del Ateneo de Madrid Sala Pecera Planta 2 17/01/2008     F-15802 1090712 23/02/2023 23/02/2023 Libro impreso